00502nam a22001577a 450000500170000001000130001702000260003003500130005603700340006908200110010310000240011424500600013826000510019827000750024930000200032420180704132900.0 aB-216519 a9788131301333c695.00 aB-216519 bA P H Publication Corporation a372.86 aSingh, Yogesh Kumar aTeaching practice: lession planningcYogesh Kumar Singh aNew DelhibA P H Publication Corporationc2007 a4435-36/7, Ansari Road, Daryaganj, New Delhi-110002bNew Delhie110002 a312p.c22cm(hb)